Квантово-механическое исследование переноса заряда в окислительно-восстановительном катализе: препринт доклада; Основы предвидения каталитического действия; Т. 1

Бібліографічні деталі
Parent link:Основы предвидения каталитического действия: труды IV Международного конгресса по катализу, 23-29 июня, 1968 г. г. Москва/ Академия наук СССР (АН СССР), Институт органической химии им. Н. Д. Зелинского (ИОХ ; под ред. Я. Т. Эйдуса.— , 1970
Т. 1.— 1970
Автор: Берсукер И. Б.
Співавтор: Конгресс по катализу
Інші автори: Будников С. С.
Мова:Російська
Опубліковано: Москва, Изд-во ВИНИТИ, 1968
Предмети:
Формат: Частина з книги
KOHA link:https://koha.lib.tpu.ru/cgi-bin/koha/opac-detail.pl?biblionumber=349445

MARC

LEADER 00000naa2a2200000 4500
001 349445
005 20260202162420.0
035 |a (RuTPU)RU\TPU\retro\1661 
090 |a 349445 
100 |a 20180514d1968 k y0rusy50 ca 
101 0 |a rus 
102 |a RU 
200 1 |a Квантово-механическое исследование переноса заряда в окислительно-восстановительном катализе  |e препринт доклада  |f И. Б. Берсукер, С. С. Будников 
210 |a Москва  |c Изд-во ВИНИТИ  |d 1968 
215 |a 16 с.  |c ил. 
320 |a Библиогр.: с. 11 
461 1 |0 (RuTPU)RU\TPU\book\162298  |t Основы предвидения каталитического действия  |o труды IV Международного конгресса по катализу, 23-29 июня, 1968 г. г. Москва  |o в 2 т.  |f Академия наук СССР (АН СССР), Институт органической химии им. Н. Д. Зелинского (ИОХ ; под ред. Я. Т. Эйдуса  |d 1970 
463 1 |0 (RuTPU)RU\TPU\book\147558  |t Т. 1  |d 1970 
606 1 |a Катализ окислительно-восстановительный  |2 stltpush  |3 (RuTPU)RU\TPU\subj\70755  |9 84960 
610 1 |a препринты 
610 1 |a квантово-механические исследования 
610 1 |a заряды 
610 1 |a катализаторы 
610 1 |a реагенты 
610 1 |a системы 
610 1 |a типы 
675 |a 544.472  |v 4 
700 1 |a Берсукер  |b И. Б. 
701 1 |a Будников  |b С. С. 
712 0 2 |a Конгресс по катализу  |c международный конгресс  |d 4  |e Москва  |f 1968 
801 1 |a RU  |b 63413507  |c 20180514 
801 2 |a RU  |b 63413507  |c 20180514  |g RCR 
942 |c BK